Building market report (Record no. 82518)
[ view plain ]
| 000 -LEADER | |
|---|---|
| fixed length control field | 01112cam a22002175a 4500 |
| 001 - CONTROL NUMBER | |
| control field | L150473 |
| 008 - FIXED-LENGTH DATA ELEMENTS--GENERAL INFORMATION | |
| fixed length control field | 100719e2010 xxk 000 0 eng d |
| 035 ## - SYSTEM CONTROL NUMBER | |
| System control number | (Sirsi) u150473 |
| 041 0# - LANGUAGE CODE | |
| Language code of text/sound track or separate title | eng |
| 100 1# - MAIN ENTRY--PERSONAL NAME | |
| Personal name | McMeeken, Roxane |
| 245 00 - TITLE STATEMENT | |
| Title | Building market report |
| Remainder of title | infrastructure |
| 260 ## - PUBLICATION, DISTRIBUTION, ETC. | |
| Date of publication, distribution, etc. | 2010 |
| 490 ## - SERIES STATEMENT | |
| Series statement | Building |
| Volume/sequential designation | 275 (8637) 9 July 2010, 1-18(14) |
| 505 ## - FORMATTED CONTENTS NOTE | |
| Formatted contents note | On the menu -- Saving grace -- His generation -- Wonderful waste -- Waiting for a train |
| 520 ## - SUMMARY, ETC. | |
| Summary, etc. | Building market report on infrastructure includes an overview of spending on aviation, energy, rail and roads in the UK illustrating the annual change in output in real terms 2009 - 2014; a major energy company's proposal for a third-generation nuclear programme; predicted £2bn a year building boom in energy from waste (EfW) plants, funding, PFI, range of technologies to obtain energy from waste; uncertainties of high-speed rail network project, High Speed 2 (HS2) funding and interest groups. |
| 700 1# - ADDED ENTRY--PERSONAL NAME | |
| Personal name | Jackson, Victoria |
| 700 1# - ADDED ENTRY--PERSONAL NAME | |
| Personal name | Puckett, Katie |
| 700 1# - ADDED ENTRY--PERSONAL NAME | |
| Personal name | Smith, Kristina |
| 700 1# - ADDED ENTRY--PERSONAL NAME | |
| Personal name | Gupta, Manish |
| 942 ## - ADDED ENTRY ELEMENTS (KOHA) | |
| Suppress in OPAC | 0 |
| Withdrawn status | Lost status | Source of classification or shelving scheme | Damaged status | Not for loan | Home library | Current library | Shelving location | Date acquired | Total Checkouts | Full call number | Barcode | Date last seen | Copy number | Price effective from | Koha item type |
|---|---|---|---|---|---|---|---|---|---|---|---|---|---|---|---|
| Dewey Decimal Classification | London | London | Books | 19/07/2010 | L150473 | L150473 | 06/08/2019 | 1 | 06/08/2019 | Book |